000 00594nam a22002297a 4500
003 UA-OsUOA
001 65636
007 ta
008 20091202b un ||||| |||| 00| 0 ukr d
100 _aХоросницька М.
090 _a821.161.2
_bХ81
942 _cBK
040 _aUA-OsUOA
_bukr
_cUA-OsUOA
_dUA-OsUOA
245 _aАкорди
_bПоезії
300 _a118 с.
955 _a2
041 _aukr
080 _a821.161.2
260 _aЛьвів
_bКаменяр
_c1978
650 7 _a82 Література. Літературознавство
_2UDC
999 _c351715
_d351715